Loading...
| Science - Physics | 0 | 3 | 1 | 0 | 25 | 75 | 85.33 | 0 | 2 | 7.65 | 17.27 |
| Literature - British | 0 | 2 | 0 | 0 | 20 | 109 | 124.50 | 0 | 0 | 1.29 | 4.55 |
| Religion | 0 | 2 | 0 | 1 | 20 | 101 | 115.00 | 0 | 0 | 1.31 | 4.55 |
| Fine Arts - Painting and Sculpture | 0 | 2 | 0 | 1 | 20 | 79 | 106.50 | 0 | 1 | 3.99 | 10.00 |
| History - Other | 0 | 2 | 0 | 1 | 20 | 106 | 113.50 | 0 | 0 | 1.62 | 5.45 |
| History - World | 0 | 2 | 1 | 1 | 15 | 55 | 94.00 | 0 | 0 | 5.37 | 5.45 |
| Fine Arts - Other | 0 | 1 | 0 | 0 | 10 | 36 | 36.00 | 1 | 1 | 6.82 | 9.09 |
| History - European | 0 | 1 | 0 | 0 | 10 | 116 | 116.00 | 0 | 0 | 0.72 | 2.73 |
| Other Academic | 0 | 1 | 0 | 0 | 10 | 100 | 100.00 | 0 | 0 | 7.49 | 20.00 |
| Science - Biology | 0 | 1 | 0 | 0 | 10 | 91 | 91.00 | 0 | 1 | 2.68 | 7.27 |
| Mythology | 0 | 1 | 1 | 0 | 5 | 140 | 140.00 | 0 | 1 | 0.25 | 7.27 |
| Science - Other | 0 | 1 | 1 | 0 | 5 | 84 | 84.00 | 0 | 0 | 2.62 | 6.36 |
| Philosophy | 0 | 0 | 0 | 0 | 0 | 0.00 | 0 | 0 | 0.00 | 0.00 | |
| Geography | 0 | 0 | 1 | 0 | -5 | 0.00 | 0 | 0 | 0.00 | 0.00 |